MATHEMATICAL ANALYSIS (Record no. 9249)

MARC details
000 -LEADER
fixed length control field 00540nam a22001697a 4500
003 - CONTROL NUMBER IDENTIFIER
control field SGT
020 ## - INTERNATIONAL STANDARD BOOK NUMBER
International Standard Book Number 9788185015668
082 ## - DEWEY DECIMAL CLASSIFICATION NUMBER
Classification number 515,APO
100 ## - MAIN ENTRY--PERSONAL NAME
Personal name APOSTOL, TOM M.
245 ## - TITLE STATEMENT
Title MATHEMATICAL ANALYSIS
250 ## - EDITION STATEMENT
Edition statement 2ND
260 ## - PUBLICATION, DISTRIBUTION, ETC. (IMPRINT)
Place of publication, distribution, etc NEW DELHI
Name of publisher, distributor, etc NAROSA PUBLISHING HOUSE
Year of Publication 2002
300 ## - PAGE DESCRIPTION
No. of Pages 500
650 ## - SUBJECT ADDED ENTRY--TOPICAL TERM
Topical term or geographic name as entry element MATHEMATICAL ANALYSIS
653 ## - KEYWORDS--INDEX TERM
Keyword term THE REAL AND COMPLEX NUMBER, SOME BASIC OF SET THEORY ELEMENTS OF POINT SET TOPOLOGY , LIMITS AND CONTINUITY, DERIVATIVES FUNCTIONS BOUNDED VARIATION RECTIFIABLE
942 ## - ADDED ENTRY ELEMENTS (KOHA)
Source of classification or shelving scheme Dewey Decimal Classification
Koha item type FPS Books
942 ## - ADDED ENTRY ELEMENTS (KOHA)
-- 1
Holdings
Withdrawn status Lost status Source of classification or shelving scheme Damaged status Not for loan Collection code Home library Current library Shelving location Date acquired Vendor Name Cost, normal purchase price SGTU Bill Number Total Checkouts Total Renewals Full call number Accession No. (Barcode) Date last seen Date last borrowed Bill Date Koha item type
    Dewey Decimal Classification     SCIENCE SGT Science & Social Sciences Library SGT Science & Social Sciences Library Text Book 27/06/2016 AHUJA BOOK 435.00 SGTU 6680 2 1 517 PS1466 15/11/2021 01/11/2021   FPS Books
    Dewey Decimal Classification   Not For Loan SCIENCE SGT Science & Social Sciences Library SGT Science & Social Sciences Library Reference Book 27/06/2016 KIRTI PRAKASHAN 395.00 SGTU       515,APO PS1201 27/06/2016   19/10/2015 FPS Books